Datum a čas kvízu

29 Celkem bodů Celkový počet nahraných bodů na tomto kvízu bez doplňovacích otázek.
5. Pořadí na kvízu Konečné umístění týmu na tomto kvízu.

Zaznamenané odpovědi

# Otázka Odpověď Body Výsledky
1. Policie v Praze řeší případ vo... Šlo o policejní auto. 0
2. Ze kterého důvodu zrušil minul... C 0
3. Minulý týden potvrdili konec s... David Prachař; Linda Rybová 1
4. Minulý týden byla na technolog... lízátko (Lollipop Star) 1
5. Minulý týden proběhl nejdražší... Matyáš Vojta 0
6. Frank Lloyd Wright bývá označo... Guggenheimovo muzeum 0
7. Seřaďte uvedené události od té... 1A 2B 3D 4C 0
8. Jak se jmenuje tato americká h... Beastie Boys; No Sleep till Brooklyn 0
9. Turisté v NYC míří nejen do di... 1B 2A 3C 4D 1
10. Jak se jmenuje fiktivní město,... Gotham (City); Bronx 0.5